[Event "Rychnov Seniors op"]
[Site "Rychnov nad Kneznou"]
[Date "2012.08.24"]
[Round "5"]
[White "Volfova, Milena"]
[Black "Dusbaba, Petr"]
[Result "0-1"]
[WhiteElo "1669"]
[BlackElo "1832"]
[PlyCount "116"]
[EventDate "2012.08.20"]
[EventType "swiss"]
[EventRounds "9"]
[EventCountry "CZE"]
[SourceTitle "CBM 150 Extra"]
[Source "ChessBase"]
[SourceDate "2012.10.19"]
[SourceVersion "1"]
[SourceVersionDate "2012.10.19"]
[SourceQuality "1"]

1. e4 c5 2. Nf3 Nc6 3. Bc4 d6 4. h3 a6 5. a3 g6 6. Nc3 Bg7 7. d3 Nf6 8. 0-0 0-0 9. Ne2 Bd7 10. c3 b5 11. Ba2 Qc8 12. Nh2 c4 13. Bb1 cxd3 14. Bxd3 Ne5 15. Be3 Be6 16. f3 d5 17. exd5 Nxd5 18. Bd4 Rd8 19. Ng4 Nxd3 20. Qxd3 Bxg4 21. fxg4 e5 22. Bf2 Qe6 23. Qc2 Rd7 24. Rfe1 Rad8 25. Nd4 Qd6 26. Nf3 Re7 27. Rad1 Qc6 28. Bh4 f6 29. Nxe5 Qb6+ 30. Qf2 Qxf2+ 31. Kxf2 g5 32. Bxg5 fxg5 33. Nc6 Rf8+ 34. Kg1 Rxe1+ 35. Rxe1 Rc8 36. Na5 Nxc3 37. bxc3 Bxc3 38. Re6 Bxa5 39. Rxa6 Bd2 40. Rd6 Bc1 41. Rd5 Rb8 42. Rd3 Kf7 43. Rb3 Bf4 44. Rf3 Ke6 45. g3 Be5 46. h4 gxh4 47. gxh4 Kd5 48. g5 Rb7 49. Kf1 Kc4 50. Ke2 Bc3 51. h5 Re7+ 52. Kd1 Kb3 53. Rf1 Rd7+ 54. Ke2 Kxa3 55. g6 hxg6 56. hxg6 b4 57. Rf3 Ka2 58. Rf2 Rd2+ 0-1